| 000 | 00379 a2200169 4500 | ||
|---|---|---|---|
| 001 | 182827 | ||
| 020 | _a85-209-0782-2 | ||
| 040 | _cMagnum | ||
| 100 | _aMelo Neto, Joao Cabral de | ||
| 240 | 1 | 0 |
_aA educação pela pedra _lpor |
| 245 | 1 | 0 | _aA educação pela pedra |
| 300 | _a92 | ||
| 362 | 0 | _a1996 | |
| 440 | 1 | _aNova Fronteira | |
| 697 | _aLITERATURA GERAL | ||
| 942 | _cBK | ||
| 999 |
_c182827 _d182827 |
||